Laporan tahunan 2007 = Pasukan Pertugas Khas Pemudahcara Perniagaan [PEMUDAH].
| Format: | Book |
|---|---|
| Published: |
Kuala Lumpur:
Pasukan Pertugas Khas Pemudahcara Perniagaan [PEMUDAH],
2007.
|
| Subjects: |
| LEADER | 00513cam a2200133 7i4500 | ||
|---|---|---|---|
| 001 | 0000022281 | ||
| 005 | 20090112090000.0 | ||
| 090 | 0 | 0 | |a M 380.1 |b LAP |
| 245 | 0 | 0 | |a Laporan tahunan 2007 = |l annual report : |b Pasukan Pertugas Khas Pemudahcara Perniagaan [PEMUDAH]. |
| 260 | 0 | 0 | |a Kuala Lumpur: |b Pasukan Pertugas Khas Pemudahcara Perniagaan [PEMUDAH], |c 2007. |
| 300 | # | # | |a 69 p. |
| 650 | 0 | 0 | |a International trade -- |x Annual report -- |z Malaysia |
| 651 | 0 | 0 | |a Malaysia |
| 999 | |a TRG000080H |b Book |c Malaysia |e MATRADE Eastern Regional Office | ||